000 00394nam a22001457a 4500
005 20200612133341.0
008 200612b xxu||||| |||| 00| 0 eng d
082 _a345.4 AIR
110 _aALL INDIA REPORTER,
_96031
245 _aALL INDIA REPORTER, [2004] [VOL-91] BOMBAY SECTION
260 _aMUMBAI
_bALL INDIA REPORTER, PVT. LTD.
300 _a40;p
650 _aLAW
_95701
942 _cJRL
999 _c7090
_d7088